Liedtext Disney König der Löwen Ich will jetzt gleich König sein - Statistiken

Allgemein
  • Dieses Quiz wurde 232 mal gespielt
  • Das Durchschnittsergebnis liegt bei 159 aus 234
Antwortstatistiken
Antwort % Korrekt
ich
100%
Ich
100%
König
100%
will
99%
gleich
98%
sein
98%
jetzt
97%
die
92%
Die
92%
da
91%
und
88%
Und
88%
und?
88%
Ein
87%
ein
87%
(na
87%
Na
87%
er
85%
mein
85%
du
84%
Du
84%
(du
84%
Als
83%
(als
83%
den
83%
wär
83%
Oh
82%
oh)
82%
Tier
82%
ist
81%
Mähne
81%
noch
81%
Gebrüll
80%
mir
80%
zu
80%
Bis
79%
das
79%
das"
79%
Das
79%
dir
79%
recht
79%
Wir
79%
übe
78%
Nase
76%
erfüll
75%
fehlen
75%
Haare
75%
hoch
75%
lange
75%
Wunsch
75%
hohes
74%
wärst
74%
klein
73%
Nie
73%
nie
73%
bist
72%
dann
72%
hör
71%
Hör
71%
viel
71%
alle
69%
auf
69%
so
69%
superstark
68%
trag
68%
kahl
67%
aus
66%
(was
66%
was
66%
wirklich
65%
Afrika
64%
Zum
64%
Dein
62%
meine
62%
nimmer
62%
Vater
61%
Wenn
61%
wenn
61%
raus
60%
Raus
60%
"tu
60%
würde
60%
lieber
59%
mal
59%
mal)
59%
wandere
58%
dies"
57%
verzeihen
57%
Groß
56%
imponieren
56%
allem
55%
links
53%
mich
53%
nach
53%
Von
53%
nun
52%
Zukunft
52%
rechts
51%
Simba
51%
einem
50%
Der
49%
keinen
49%
Rat
48%
Jeder
47%
sich
47%
sieht
47%
Sieht
47%
Tiere
47%
brauch
46%
wird
46%
Zazu
46%
allein
45%
bald
45%
Königshaus
44%
entwickelt
43%
höre
43%
endlich
42%
Naseweis
40%
hast
38%
nicht
38%
singen
38%
alles
36%
Schnabelmaul
36%
vor
36%
in
35%
einen
34%
geht
34%
weit
34%
frei
32%
Frei
32%
Immer
32%
Art
31%
Fahrt
31%
nur
31%
sagte)
31%
denkst
30%
langen
30%
Weg
30%
kleiner
27%
Prinz
25%
voller
25%
fleucht
23%
stimmt
23%
kommt
18%
kreucht
18%
Frage
13%
überhaupt
12%
weißt
10%
Reifen)
6%
steigst
6%
Keine übereinstimmenden Quizze gefunden
Verteilung der Resultate
Anzahl Personen mit jedem Resultat
Perzentil nach korrekt beantworteten Fragen
Ihre Resultats-Entwicklung
Sie haben dieses Quiz noch nicht gespielt